Bezirke und Statutarstädte Österreichs - Statistiken

Allgemein
  • Dieses Quiz wurde 524 mal gespielt
    488 seit der letzten Aktualisierung
  • Das Durchschnittsergebnis liegt bei 70 aus 94
Antworten auf der Karte
Die Antworten werden auf der Karte rot bzw. grün angezeigt, abhängig davon wie oft sie richtig erraten wurden.
 
Antwortstatistiken
Bundesland Einwohner Bezirk % Korrekt
Wien 1.897.500 Wien
95%
Oberösterreich 205.700 Linz
93%
Oberösterreich 150.300 Linz-Land
93%
Salzburg 154.200 Salzburg
93%
Salzburg 152.300 Salzburg-Umgebung
93%
Steiermark 288.800 Graz
92%
Steiermark 154.300 Graz-Umgebung
92%
Tirol 132.100 Innsbruck
92%
Tirol 179.300 Innsbruck-Land
92%
Burgenland 14.600 Eisenstadt
91%
Burgenland 42.900 Eisenstadt-Umgebung
91%
Vorarlberg 134.400 Bregenz
90%
Kärnten 100.800 Klagenfurt am Wörthersee
90%
Kärnten 59.800 Klagenfurt-Land
90%
Niederösterreich 55.000 St. Pölten
89%
Niederösterreich 131.000 St. Pölten-Land
89%
Kärnten 62.200 Villach
89%
Kärnten 64.700 Villach-Land
89%
Vorarlberg 89.000 Dornbirn
85%
Tirol 63.900 Kitzbühel
84%
Tirol 48.900 Lienz
83%
Oberösterreich 61.700 Wels
83%
Oberösterreich 73.100 Wels-Land
83%
Niederösterreich 45.300 Wiener Neustadt
83%
Niederösterreich 78.000 Wiener Neustadt-Land
83%
Niederösterreich 116.100 Amstetten
82%
Vorarlberg 107.200 Feldkirch
82%
Steiermark 99.000 Bruck-Mürzzuschlag
80%
Burgenland 59.600 Neusiedl am See
80%
Oberösterreich 38.200 Steyr
80%
Oberösterreich 60.400 Steyr-Land
80%
Vorarlberg 63.700 Bludenz
79%
Niederösterreich 102.000 Bruck an der Leitha
78%
Niederösterreich 119.000 Mödling
78%
Niederösterreich 146.200 Baden
77%
Niederösterreich 36.800 Gmünd
77%
Niederösterreich 24.900 Krems an der Donau
77%
Niederösterreich 56.600 Krems-Land
77%
Salzburg 80.600 St. Johann im Pongau
77%
Steiermark 79.900 Liezen
76%
Oberösterreich 104.400 Braunau am Inn
75%
Salzburg 60.400 Hallein
74%
Tirol 83.900 Schwaz
74%
Niederösterreich 25.900 Waidhofen an der Thaya
74%
Steiermark 90.600 Hartberg-Fürstenfeld
73%
Tirol 109.700 Kufstein
73%
Steiermark 60.100 Leoben
73%
Niederösterreich 11.300 Waidhofen an der Ybbs
73%
Tirol 60.100 Imst
72%
Burgenland 54.100 Oberwart
72%
Niederösterreich 103.700 Gänserndorf
71%
Oberösterreich 61.200 Ried im Innkreis
71%
Burgenland 1.900 Rust
71%
Kärnten 52.700 Wolfsberg
71%
Salzburg 87.500 Zell am See
71%
Tirol 44.400 Landeck
70%
Burgenland 39.900 Mattersburg
70%
Kärnten 76.100 Spittal an der Drau
70%
Oberösterreich 101.600 Gmunden
68%
Niederösterreich 78.000 Melk
68%
Niederösterreich 103.800 Tulln an der Donau
68%
Oberösterreich 85.500 Urfahr-Umgebung
68%
Niederösterreich 42.200 Zwettl
68%
Steiermark 60.800 Deutschlandsberg
67%
Kärnten 18.200 Hermagor
67%
Niederösterreich 90.900 Korneuburg
67%
Oberösterreich 136.300 Vöcklabruck
67%
Burgenland 37.500 Oberpullendorf
66%
Niederösterreich 31.100 Horn
65%
Burgenland 17.100 Jennersdorf
65%
Tirol 32.700 Reutte
65%
Oberösterreich 57.300 Schärding
65%
Salzburg 20.300 Tamsweg
65%
Kärnten 29.900 Feldkirchen
64%
Burgenland 25.800 Güssing
64%
Oberösterreich 66.600 Freistadt
63%
Niederösterreich 75.500 Mistelbach
63%
Steiermark 27.700 Murau
63%
Steiermark 72.000 Murtal
63%
Kärnten 54.600 St. Veit an der Glan
63%
Steiermark 85.900 Südoststeiermark
63%
Niederösterreich 50.900 Hollabrunn
61%
Steiermark 82.500 Leibnitz
61%
Oberösterreich 56.500 Rohrbach
61%
Oberösterreich 68.500 Perg
60%
Niederösterreich 86.300 Neunkirchen
59%
Kärnten 41.900 Völkermarkt
59%
Niederösterreich 25.800 Lilienfeld
58%
Niederösterreich 41.400 Scheibbs
58%
Steiermark 90.300 Weiz
58%
Oberösterreich 33.200 Eferding
57%
Oberösterreich 56.900 Kirchdorf an der Krems
57%
Steiermark 51.200 Voitsberg
55%
Oberösterreich 64.700 Grieskirchen
52%
Keine übereinstimmenden Quizze gefunden
Verteilung der Resultate
Anzahl Personen mit jedem Resultat
Perzentil nach korrekt beantworteten Fragen
Ihre Resultats-Entwicklung
Sie haben dieses Quiz seit der letzten Aktualisierung nicht gespielt